000 00695nam a22001697a 4500
999 _c10108
_d10108
008 180801b ||||| |||| 00| 0 eng d
082 _22017
_aUT 0974
_bD12
100 _929862
_aDagohoy, Angelica C.
245 _aFactors affecting reading comprehension and reading achievement of grade 7 students in Digos City national high school
_cAngelica C. Dagohoy, Jennie Grace M. Vivas, Judy Ann C. Eborlas
260 _aDigos City :
_bUMDC
_cNovember 2017
300 _a55 pages ;
_b29 cm.
650 0 _929863
_aEducation
_vEnglish
_xUndergraduate thesis.
700 _929864
_aDagohoy, Angelica C.
700 _929865
_aVivas, Jennie Grace M.
700 _929866
_aEborlas, Judy Ann C.
942 _2ddc
_cUT